[Event "Hamburg-ch Seniors 50+"]
[Site "Hamburg"]
[Date "2018.10.24"]
[Round "2"]
[White "Schroeder, Christoph"]
[Black "Johanssen, Torsten"]
[Result "1-0"]
[WhiteElo "2178"]
[BlackElo "1898"]
[PlyCount "41"]
[EventDate "2018.10.23"]
[EventType "swiss"]
[EventRounds "7"]
[EventCountry "GER"]
[SourceTitle "CBM 190 Extra"]
[Source "ChessBase"]
[SourceDate "2019.07.15"]
[SourceVersion "1"]
[SourceVersionDate "2019.07.15"]
[SourceQuality "1"]

1. d4 Nf6 2. c4 g6 3. Nc3 Bg7 4. Nf3 d6 5. Bg5 h6 6. Bh4 c5 7. d5 Qa5 8. Qd2 Ng4 9. e4 a6 10. Bd3 Nd7 11. 0-0 Nde5 12. Nxe5 Nxe5 13. f4 Nxd3 14. Qxd3 e6 15. dxe6 Bd4+ 16. Bf2 Bxf2+ 17. Rxf2 Bxe6 18. f5 Bd7 19. fxg6 fxg6 20. Qxd6 0-0-0 21. Nd5 1-0

[Event "Arber op 6th"]
[Site "Bodenmais"]
[Date "2017.08.06"]
[Round "9"]
[White "Kneutgen, Alexander"]
[Black "Johanssen, Torsten"]
[Result "1/2-1/2"]
[WhiteElo "2012"]
[BlackElo "1912"]
[PlyCount "29"]
[EventDate "2017.07.29"]
[EventType "swiss"]
[EventRounds "9"]
[EventCountry "GER"]
[SourceTitle "EXT 2018"]
[Source "ChessBase"]
[SourceDate "2017.10.13"]
[SourceVersion "1"]
[SourceVersionDate "2017.10.13"]
[SourceQuality "1"]

1. Nf3 Nf6 2. g3 g6 3. Bg2 Bg7 4. 0-0 0-0 5. d4 d5 6. c4 Nc6 7. cxd5 Nxd5 8. Nc3 Nxc3 9. bxc3 e5 10. dxe5 Qe7 11. Bg5 Qc5 12. Be3 Qa5 13. Bd4 Nxe5 14. Nxe5 Bxe5 15. Bxe5 1/2-1/2

[Event "Arber op 6th"]
[Site "Bodenmais"]
[Date "2017.07.30"]
[Round "2"]
[White "Johanssen, Torsten"]
[Black "Huettinger, Siegfried"]
[Result "1-0"]
[WhiteElo "1912"]
[BlackElo "1493"]
[PlyCount "97"]
[EventDate "2017.07.29"]
[EventType "swiss"]
[EventRounds "9"]
[EventCountry "GER"]
[SourceTitle "CBM 179 Extra"]
[Source "ChessBase"]
[SourceDate "2017.08.23"]
[SourceVersion "1"]
[SourceVersionDate "2017.08.23"]
[SourceQuality "1"]

1. c4 Nf6 2. Nc3 e6 3. e4 Nc6 4. Nf3 Bc5 5. d4 Bb4 6. Bd3 d5 7. cxd5 exd5 8. e5 Ne4 9. Qc2 Bf5 10. 0-0 Bg6 11. a3 Nxc3 12. bxc3 Bxd3 13. Qxd3 Ba5 14. Rb1 Bb6 15. Ng5 h6 16. Qh3 Qe7 17. e6 f6 18. Nf7 Rg8 19. Bd2 Nd8 20. Rfe1 Kf8 21. Nxd8 Rxd8 22. f4 c5 23. Be3 c4 24. Bf2 Rd6 25. f5 Rc6 26. Rb5 Rd6 27. Bg3 Rd8 28. Bf4 Rh8 29. Qh5 Kg8 30. Qf3 Kh7 31. Rxd5 Rhe8 32. Rxd8 Rxd8 33. Kf1 Qxa3 34. d5 Bc5 35. Rd1 Bd6 36. Bxd6 Qxd6 37. g3 b5 38. Qf4 Qe7 39. d6 Qb7 40. Kg1 Qb6+ 41. Kg2 Qc6+ 42. Kh3 b4 43. e7 Re8 44. d7 Rxe7 45. d8Q Re2 46. Qd5 Qe8 47. Qfxc4 Re5 48. Qf7 Qa8 49. Rd7 1-0

[Event "Arber op 6th"]
[Site "Bodenmais"]
[Date "2017.07.29"]
[Round "1"]
[White "Prusikin, Michael"]
[Black "Johanssen, Torsten"]
[Result "1-0"]
[WhiteElo "2517"]
[BlackElo "1912"]
[PlyCount "99"]
[EventDate "2017.07.29"]
[EventType "swiss"]
[EventRounds "9"]
[EventCountry "GER"]
[SourceTitle "CBM 179 Extra"]
[Source "ChessBase"]
[SourceDate "2017.08.23"]
[SourceVersion "1"]
[SourceVersionDate "2017.08.23"]
[SourceQuality "1"]

1. e4 Nf6 2. e5 Nd5 3. d4 d6 4. c4 Nb6 5. f4 dxe5 6. fxe5 Bf5 7. Nc3 e6 8. Nf3 Nc6 9. Be2 Bg4 10. c5 Nd5 11. 0-0 Qd7 12. Ng5 Bxe2 13. Nxe2 f6 14. exf6 gxf6 15. Ne4 Bg7 16. N4c3 0-0-0 17. Kh1 Rhg8 18. Nxd5 Qxd5 19. Nf4 Qe4 20. Re1 Qxd4 21. Qb3 e5 22. Ne6 Qb4 23. Qxb4 Nxb4 24. Nxd8 Nc2 25. Nxb7 Nxe1 26. c6 Nc2 27. Rb1 e4 28. Bd2 e3 29. Be1 f5 30. Rc1 Nxe1 31. Rxe1 Re8 32. g3 Bxb2 33. Kg2 Re6 34. Re2 Bc3 35. Nc5 Rxc6 36. Nb3 Re6 37. Kf3 f4 38. gxf4 Bd2 39. Nxd2 exd2 40. Rxd2 Ra6 41. Ke4 Ra4+ 42. Ke5 Ra5+ 43. Ke6 Ra6+ 44. Ke7 c5 45. f5 Ra4 46. Re2 Rd4 47. f6 Kc7 48. f7 Rd7+ 49. Kf6 Rd4 50. Re5 1-0

[Event "Arber op 3rd"]
[Site "Bayerisch Eisenstein"]
[Date "2014.08.17"]
[Round "2"]
[White "Prusikin, Michael"]
[Black "Johanssen, Torsten"]
[Result "1-0"]
[WhiteElo "2524"]
[BlackElo "1915"]
[PlyCount "51"]
[EventDate "2014.08.16"]
[EventType "swiss"]
[EventRounds "9"]
[EventCountry "GER"]
[SourceTitle "CBM 161 Extra"]
[Source "ChessBase"]
[SourceDate "2014.08.29"]
[SourceVersion "1"]
[SourceVersionDate "2014.08.29"]
[SourceQuality "1"]

1. d4 Nf6 2. Nf3 g6 3. c4 Bg7 4. Nc3 0-0 5. Bf4 d6 6. h3 c5 7. d5 Nbd7 8. e4 a6 9. a4 b6 10. Be2 Qc7 11. 0-0 Bb7 12. Re1 Rfe8 13. Bf1 Nh5 14. Bh2 Rad8 15. Qd2 Ne5 16. Nxe5 dxe5 17. a5 bxa5 18. Nd1 Qd6 19. Rxa5 Nf4 20. Qe3 Rc8 21. Nc3 Qb6 22. Rea1 Bh6 23. Qe1 Qb3 24. Na4 Nd3 25. Qc3 Qxc3 26. bxc3 1-0

[Event "Hamburg St Pauli op-A"]
[Site "Hamburg"]
[Date "2010.07.16"]
[Round "7"]
[White "Johanssen, Torsten"]
[Black "Becker Bertau, Friedrich"]
[Result "0-1"]
[WhiteElo "1951"]
[BlackElo "1981"]
[PlyCount "62"]
[EventDate "2010.07.10"]
[EventType "swiss"]
[EventRounds "9"]
[EventCountry "GER"]
[SourceTitle "EXT 2013"]
[Source "ChessBase"]
[SourceDate "2012.11.22"]
[SourceVersion "1"]
[SourceVersionDate "2012.11.22"]
[SourceQuality "1"]

1. c4 e5 2. Nc3 f5 3. d4 e4 4. Nh3 Nf6 5. e3 Nc6 6. Be2 Ne7 7. Qb3 d6 8. Nf4 c6 9. Bd2 g5 10. Nh5 Ng6 11. Nxf6+ Qxf6 12. Bh5 Bh6 13. g4 Qe7 14. Qc2 0-0 15. Bxg6 hxg6 16. 0-0-0 Be6 17. d5 cxd5 18. Nxd5 Bxd5 19. cxd5 Rac8 20. Bc3 b5 21. Qb3 Bg7 22. gxf5 gxf5 23. Kb1 Bxc3 24. bxc3 Rc5 25. Rd4 Rfc8 26. Rc1 a5 27. a3 Qh7 28. Rh1 Rxc3 29. Qxb5 Qc7 30. Ka2 Rc2+ 31. Ka1 Rb8 0-1

[Event "Seefeld op 17th"]
[Site "Seefeld"]
[Date "2006.09.23"]
[Round "1"]
[White "Dittmar, Peter"]
[Black "Johanssen, Torsten"]
[Result "1-0"]
[WhiteElo "2334"]
[BlackElo "2001"]
[PlyCount "219"]
[EventDate "2006.09.23"]
[EventType "swiss"]
[EventRounds "9"]
[EventCountry "AUT"]
[SourceTitle "EXT 2009"]
[Source "ChessBase"]
[SourceDate "2008.11.26"]
[SourceVersion "1"]
[SourceVersionDate "2008.11.26"]
[SourceQuality "1"]

1. d4 Nf6 2. Bg5 Ne4 3. Bf4 d5 4. Nd2 Bf5 5. Nxe4 Bxe4 6. e3 e6 7. Ne2 Bd6 8. Bg3 c6 9. c4 Bb4+ 10. Nc3 Qa5 11. Qd2 0-0 12. a3 Bxc3 13. Qxc3 Qxc3+ 14. bxc3 Nd7 15. f3 Bg6 16. h4 h5 17. Kd2 f6 18. a4 e5 19. cxd5 cxd5 20. Bb5 Rad8 21. Bxd7 Rxd7 22. dxe5 Kf7 23. exf6 gxf6 24. Bf4 Bf5 25. a5 Rc8 26. Ra4 Rc4 27. Rha1 Rd8 28. R1a3 Rxa4 29. Rxa4 Rg8 30. g3 Bd7 31. Rb4 Bc6 32. Kd3 Ke6 33. Ke2 f5 34. Kf2 Rg6 35. Bb8 a6 36. Rb6 Kf7 37. Be5 Rg8 38. Bf4 Rg6 39. Bg5 Rg8 40. Rb4 Rc8 41. Bf4 Bb5 42. Be5 Ke6 43. Bd4 Rg8 44. Rb1 Kf7 45. Rg1 Bd7 46. Bc5 Rc8 47. Bb4 Rg8 48. Rd1 Bc6 49. Rd4 Ke6 50. Kg2 Bd7 51. c4 Bc6 52. c5 Bb5 53. Kf2 Rg6 54. Bc3 Rg8 55. Rd1 Rc8 56. Bd4 Rg8 57. Rg1 Kf7 58. Be5 Ke6 59. Bd6 Kf7 60. Rd1 Ke6 61. Rd4 Bc6 62. Rb4 Bb5 63. Ke1 Rg7 64. Kd2 Kf6 65. Rb2 Bc6 66. Kc3 Rg8 67. Kd4 Re8 68. Rb6 Re6 69. Bf4 Re8 70. Bg5+ Kg6 71. Rb2 Kf7 72. Rf2 Kg7 73. Rg2 Kf7 74. Bf4 Kf6 75. Rb2 Kg6 76. Be5 Kf7 77. Rg2 Rg8 78. Rg1 Ke6 79. Bf4 Kf7 80. Ke5 Kg6 81. Bg5 Re8+ 82. Kf4 Bd7 83. Rd1 Bc6 84. Rd4 Re6 85. Bd8 Re8 86. Bc7 Re7 87. Be5 Rf7 88. Rb4 Rf8 89. Bd4 Re8 90. Rb1 Re7 91. Rg1 Bd7 92. Be5 Rf7 93. Rb1 Bc6 94. Bd6 Kf6 95. Rb6 Rd7 96. Be5+ Kg6 97. Bd4 Re7 98. Rb2 Re8 99. Be5 Rg8 100. Rg2 Bd7 101. Rd2 Bc6 102. g4 fxg4 103. fxg4 hxg4 104. Kxg4 Bd7+ 105. Kf4 Rf8+ 106. Kg3 Rg8 107. Bf4 Kf5+ 108. Bg5 Ke4 109. Rd4+ Kf5 110. Rxd5+ 1-0

[Event "Traum Seniors op 12th"]
[Site "Oberstdorf"]
[Date "2005.07.11"]
[Round "3"]
[White "Wechs, Julian"]
[Black "Johanssen, Torsten"]
[Result "0-1"]
[WhiteElo "1237"]
[BlackElo "1900"]
[PlyCount "86"]
[EventDate "2005.07.08"]
[EventType "swiss"]
[EventRounds "9"]
[EventCountry "GER"]
[SourceTitle "EXT 2007"]
[Source "ChessBase"]
[SourceDate "2006.11.23"]
[SourceVersion "1"]
[SourceVersionDate "2006.11.23"]
[SourceQuality "1"]

1. e4 Nf6 2. e5 Nd5 3. d4 d6 4. Nf3 g6 5. c4 Nb6 6. exd6 cxd6 7. Be2 Bg7 8. h3 0-0 9. 0-0 Nc6 10. Nc3 Bf5 11. Be3 d5 12. b3 e6 13. c5 Nc8 14. Qd2 e5 15. dxe5 Nxe5 16. Nxe5 Bxe5 17. Bd4 Qf6 18. Bxe5 Qxe5 19. Rad1 Rd8 20. Qd4 Qxd4 21. Rxd4 Ne7 22. Rfd1 Be6 23. Bf3 Rd7 24. b4 Nc6 25. R4d2 Nxb4 26. a3 Na6 27. Nxd5 Bxd5 28. Rxd5 Rxd5 29. Rxd5 Rc8 30. Rd7 Nxc5 31. Re7 Kf8 32. Re1 b6 33. Re3 Rd8 34. Kf1 g5 35. Bh5 f6 36. Ke2 Rd7 37. Bf3 Re7 38. Rxe7 Kxe7 39. Ke3 Kd6 40. Kd4 b5 41. Be2 Ne6+ 42. Ke4 f5+ 43. Kxf5 Nd4+ 0-1

[Event "Bad Ems op"]
[Site "Bad Ems"]
[Date "2004.03.10"]
[Round "6"]
[White "Schmidt, Wolfgang"]
[Black "Johanssen, Torsten"]
[Result "1-0"]
[WhiteElo "2350"]
[BlackElo "2017"]
[PlyCount "95"]
[EventDate "2004.03.06"]
[EventType "swiss"]
[EventRounds "9"]
[EventCountry "GER"]
[SourceTitle "CBM 099 Extra"]
[Source "ChessBase"]
[SourceDate "2004.05.04"]
[SourceVersion "1"]
[SourceVersionDate "2004.05.04"]
[SourceQuality "1"]

1. d4 Nf6 2. c4 e5 3. dxe5 Ng4 4. Nf3 Bc5 5. e3 Nc6 6. Be2 Ngxe5 7. 0-0 Nxf3+ 8. Bxf3 Ne5 9. Be4 Qh4 10. Nc3 c6 11. g3 Qe7 12. b3 d6 13. Na4 Bh3 14. Bg2 Bxg2 15. Kxg2 0-0 16. Bb2 Rfe8 17. Qe2 Bb4 18. Rac1 Qe6 19. Rfd1 Qg6 20. Rd4 f5 21. Rcd1 Nf7 22. Qc2 Re4 23. a3 Ba5 24. b4 Rxd4 25. Rxd4 Bd8 26. Rf4 Bg5 27. Rf3 Nh6 28. Qd3 Rf8 29. Qd4 b6 30. h4 Bxh4 31. Qxh4 Ng4 32. Qe7 Qh6 33. Qh4 Qe6 34. Rf4 Ne5 35. Qg5 h6 36. Qh5 g5 37. Rd4 g4 38. c5 d5 39. cxb6 axb6 40. Nxb6 Nf3 41. Rd1 Ng5 42. Rd4 Nf3 43. Rd1 Kh7 44. Rh1 Ng5 45. Kf1 Rg8 46. Nd7 d4 47. Qxh6+ Qxh6 48. Nf6+ 1-0

[Event "HSG/BUE-ch"]
[Site "Hamburg"]
[Date "2003.09.19"]
[Round "10"]
[White "Johanssen, Torsten"]
[Black "Runge, Hans"]
[Result "1-0"]
[WhiteElo "1778"]
[BlackElo "1878"]
[PlyCount "53"]
[EventDate "2003.07.04"]
[EventType "swiss"]
[EventRounds "18"]
[EventCountry "GER"]
[SourceTitle "EXT 2009"]
[Source "ChessBase"]
[SourceDate "2008.11.26"]
[SourceVersion "1"]
[SourceVersionDate "2008.11.26"]
[SourceQuality "1"]

1. c4 Nf6 2. Nc3 e6 3. e4 d6 4. d4 Be7 5. Nf3 0-0 6. Be2 b6 7. 0-0 Bb7 8. Qc2 d5 9. cxd5 exd5 10. e5 Ne4 11. Bd3 f5 12. exf6 Nxf6 13. Ng5 h6 14. Ne6 Qd6 15. Nxf8 Bxf8 16. Nb5 Qd7 17. Nxc7 Nc6 18. Nxa8 Nxd4 19. Qc7 Qg4 20. f3 Nxf3+ 21. Rxf3 Qd4+ 22. Be3 Qxd3 23. Qxb7 d4 24. Bg5 Qc2 25. Bxf6 gxf6 26. Rg3+ Kh8 27. Qf7 1-0

[Event "HSG/BUE-ch"]
[Site "Hamburg"]
[Date "2003.09.05"]
[Round "8"]
[White "Johanssen, Torsten"]
[Black "Leminski, Hajo"]
[Result "0-1"]
[WhiteElo "1778"]
[BlackElo "2271"]
[PlyCount "56"]
[EventDate "2003.07.04"]
[EventType "swiss"]
[EventRounds "18"]
[EventCountry "GER"]
[SourceTitle "EXT 2009"]
[Source "ChessBase"]
[SourceDate "2008.11.26"]
[SourceVersion "1"]
[SourceVersionDate "2008.11.26"]
[SourceQuality "1"]

1. c4 e5 2. Nc3 Nf6 3. g3 d6 4. Bg2 Nbd7 5. Nf3 c6 6. d4 Qc7 7. 0-0 Be7 8. b3 0-0 9. Qc2 Re8 10. Bb2 a6 11. a4 a5 12. Rad1 Bf8 13. e3 h6 14. Nd2 Nh7 15. f4 Qb6 16. fxe5 dxe5 17. c5 Qd8 18. Nc4 Qg5 19. Ne4 Qg6 20. Qb1 exd4 21. Bxd4 Ng5 22. Ncd6 Re7 23. Nf5 Re6 24. Rf4 Ne5 25. Qb2 Nef3+ 26. Kh1 Rxe4 27. Rxf3 Nxf3 28. Nxg7 Nxd4 0-1

[Event "Vienna op-B 14th"]
[Site "Vienna"]
[Date "2003.08.23"]
[Round "8"]
[White "Johanssen, Torsten"]
[Black "Budin, Andreas"]
[Result "1/2-1/2"]
[WhiteElo "1778"]
[BlackElo "1814"]
[PlyCount "75"]
[EventDate "2003.08.16"]
[EventType "swiss"]
[EventRounds "9"]
[EventCountry "AUT"]
[SourceTitle "CBM 095 Extra"]
[Source "ChessBase"]
[SourceDate "2003.09.04"]
[SourceVersion "1"]
[SourceVersionDate "2003.09.04"]
[SourceQuality "1"]

1. c4 f5 2. Nc3 Nf6 3. g3 g6 4. Bg2 Bg7 5. d4 0-0 6. Nh3 d6 7. 0-0 Qe8 8. Qc2 a5 9. b3 Na6 10. Bb2 e5 11. dxe5 dxe5 12. e4 c6 13. f3 Qe7 14. Rad1 Nc7 15. Rfe1 Nh5 16. exf5 gxf5 17. Na4 Bd7 18. Rxd7 Qxd7 19. Nb6 Qe7 20. Nxa8 Nxa8 21. Kh1 Nb6 22. Nf4 Nxf4 23. gxf4 Qh4 24. Qe2 Qxf4 25. Bxe5 Qxe5 26. Qxe5 Bxe5 27. Rxe5 Kg7 28. f4 a4 29. Bh3 axb3 30. axb3 Nd7 31. Re7+ Rf7 32. Rxf7+ Kxf7 33. Bxf5 Nf6 34. Kg2 c5 35. Kf3 h6 36. Be4 b6 37. Bd5+ Ke7 38. Ke3 1/2-1/2

[Event "Vienna op-B 14th"]
[Site "Vienna"]
[Date "2003.08.21"]
[Round "6"]
[White "Johanssen, Torsten"]
[Black "Schreiber, Ewald"]
[Result "0-1"]
[WhiteElo "1778"]
[BlackElo "1779"]
[PlyCount "42"]
[EventDate "2003.08.16"]
[EventType "swiss"]
[EventRounds "9"]
[EventCountry "AUT"]
[SourceTitle "CBM 095 Extra"]
[Source "ChessBase"]
[SourceDate "2003.09.04"]
[SourceVersion "1"]
[SourceVersionDate "2003.09.04"]
[SourceQuality "1"]

1. c4 Nf6 2. Nc3 g6 3. Nf3 d5 4. e3 Bg7 5. d4 0-0 6. Bd3 c5 7. 0-0 cxd4 8. Nxd4 Nc6 9. Nxc6 bxc6 10. cxd5 cxd5 11. Bd2 Rb8 12. Rb1 Ng4 13. f4 d4 14. Ne4 dxe3 15. Bc3 Bf5 16. Bc2 Qxd1 17. Rfxd1 Nf2 18. Bxg7 Kxg7 19. Rd4 Rfd8 20. Rxd8 Rxd8 21. Re1 Bxe4 0-1

[Event "Vienna op-B 14th"]
[Site "Vienna"]
[Date "2003.08.18"]
[Round "3"]
[White "Reitgruber, Dietmar"]
[Black "Johanssen, Torsten"]
[Result "0-1"]
[WhiteElo "1820"]
[BlackElo "1778"]
[PlyCount "51"]
[EventDate "2003.08.16"]
[EventType "swiss"]
[EventRounds "9"]
[EventCountry "AUT"]
[SourceTitle "CBM 095 Extra"]
[Source "ChessBase"]
[SourceDate "2003.09.04"]
[SourceVersion "1"]
[SourceVersionDate "2003.09.04"]
[SourceQuality "1"]

1. c4 e5 2. Nc3 Nf6 3. e4 Bc5 4. a3 a5 5. d3 d6 6. Be2 0-0 7. Bg5 Bd7 8. Nd5 Nc6 9. Nxf6+ gxf6 10. Bh6 Re8 11. Bg4 f5 12. Bxf5 Bxf5 13. exf5 Bxf2+ 14. Kf1 Qh4 15. Qd2 Bxg1 16. g4 Nd4 17. Qg5+ Qxg5 18. Bxg5 Nb3 19. Kxg1 Nxa1 20. h4 Nb3 21. Bf6 e4 22. g5 exd3 23. Kf2 Re2+ 24. Kf3 Rae8 25. h5 Nd2+ 26. Kf4 0-1

[Event "Vienna op-B 14th"]
[Site "Vienna"]
[Date "2003.08.16"]
[Round "1"]
[White "Strubreiter, Markus"]
[Black "Johanssen, Torsten"]
[Result "1-0"]
[WhiteElo "1920"]
[BlackElo "1778"]
[PlyCount "27"]
[EventDate "2003.08.16"]
[EventType "swiss"]
[EventRounds "9"]
[EventCountry "AUT"]
[SourceTitle "CBM 095 Extra"]
[Source "ChessBase"]
[SourceDate "2003.09.04"]
[SourceVersion "1"]
[SourceVersionDate "2003.09.04"]
[SourceQuality "1"]

1. e4 Nf6 2. e5 Nd5 3. Nf3 g6 4. Bc4 Nb6 5. Bb3 Bg7 6. d4 d5 7. Bg5 h6 8. Be3 0-0 9. Qd2 Kh7 10. Na3 Bd7 11. c3 Qc8 12. 0-0-0 Bg4 13. h4 f6 14. h5 1-0

[Event "Merano Gold Cup 29th"]
[Site "Merano"]
[Date "2001.??.??"]
[Round "7"]
[White "Johanssen, Torsten"]
[Black "Straub, Hermann"]
[Result "1/2-1/2"]
[WhiteElo "1878"]
[BlackElo "1785"]
[PlyCount "75"]
[EventDate "2001.05.??"]
[EventType "swiss"]
[EventRounds "9"]
[EventCountry "ITA"]
[SourceTitle "EXT 2005"]
[Source "ChessBase"]
[SourceDate "2004.11.15"]
[SourceVersion "1"]
[SourceVersionDate "2004.11.15"]
[SourceQuality "1"]

1. c4 b6 2. Nc3 e6 3. Nf3 Bb7 4. e3 f5 5. Ne5 Nf6 6. d4 Bb4 7. Bd2 0-0 8. f3 d6 9. Nd3 Bxc3 10. Bxc3 Nbd7 11. Qc2 Qe7 12. 0-0-0 a6 13. Nf2 d5 14. Qb3 Rfb8 15. Bb4 c5 16. Ba3 Bc6 17. Kb1 a5 18. Bd3 Kh8 19. cxd5 Bxd5 20. Qa4 Qf7 21. dxc5 Nxc5 22. Bxc5 bxc5 23. e4 fxe4 24. fxe4 Qb7 25. Qc2 c4 26. exd5 cxd3 27. Rxd3 exd5 28. Rb3 Qe7 29. Rxb8+ Rxb8 30. Rd1 Qe5 31. g3 Qe8 32. Qd2 Qb5 33. Rc1 a4 34. Qc2 h6 35. Nd1 Ne4 36. Qc6 Qd3+ 37. Qc2 Qb5 38. Qc6 1/2-1/2